Ajuste, reformas y mercado laboral: Costa Rica, 1980-1990; Chile, 1973-1992; México, 1981-1991

Na minha lista:
Detalhes bibliográficos
Autor principal: García, Norberto E (Author)
Formato: Livro
Idioma:espanhol
Publicado em: Santiago PREALC 1993
Santiago OIT 1993
Edição:1a. ed
Assuntos:
Tags: Adicionar Tag
Sem tags, seja o primeiro a adicionar uma tag!

MARC

LEADER 00000nam a2200000 a 4500
001 UCK2098
003 CL-VaPUC
008 041217e19930000cl |||||||||||||||||spa|d
020 |a 9223091365 
082 0 4 |a 331.12  |b GAR  |2 21 
100 0 |a García, Norberto E  |e author  |9 489931 
245 1 0 |a Ajuste, reformas y mercado laboral: Costa Rica, 1980-1990; Chile, 1973-1992; México, 1981-1991 
250 |a 1a. ed 
300 |a 261 p 
942 |c BK 
945 |d 20041217 00:00:00  |a cmena 
260 |a Santiago  |b PREALC  |c 1993 
260 |a Santiago  |b OIT  |c 1993 
650 0 |a Trabajo y empleo  |9 315054 
650 0 |a Mercado laboral   |9 375911 
650 0 |a Política gubernamental  |9 262286 
651 0 |a México  |9 255269 
651 0 |a Costa Rica   |9 225304 
651 7 |a CHILE  |2 CL-VaPUC  |9 489932 
583 |a last modification  |c 20171205 12:31:38  |k Rodrigo Vera 
999 |c 311758  |d 311756 
952 |0 0  |1 0  |4 0  |6 331_120000000000000_GAR_1993_1993  |7 0  |8 A  |9 381380  |a BIBEDU  |b BIBEDU  |d 2019-11-21  |i 4087453  |o 331.12 GAR 1993 1993  |p 4087453  |r 2019-11-21  |w 2019-11-21  |y BK  |k EBA